| 000 | 00568nam a2200229Ia 4500 | ||
|---|---|---|---|
| 003 | 0100 | ||
| 008 | 130303s9999 xx 000 0 und d | ||
| 020 | _a313233136 | ||
| 040 | _cARRUPELIB | ||
| 050 | _aHD87.M431982 | ||
| 100 | _aMeehan, Eugene J | ||
| 245 | _aEconomics and policy making | ||
| 245 | _bthe tragic illusion | ||
| 260 | _aWestprot, Conn. | ||
| 260 | _bGreenwood Press | ||
| 260 | _C1982 | ||
| 300 | _a194 p. | ||
| 300 | _b 22 cm | ||
| 440 | _aContributions in economics and economic history | ||
| 700 | _aEugene J. Meehan | ||
| 942 | 0 | 0 | _01 |
| 999 |
_c14586 _d14586 |
||